00939cam a2200229 a 450000100100000000500170001000800410002702000150006804000250008308200170010810000530012524000220017824500810020026000660028130000200034749000220036765000290038965000420041895201140046095201200057499900150069400000613820200929151939.0900719s1983 sp 001 p spa  a8400052803 aDO-SdBNPbspacBNPHU a861.6bM971c1 aMuñoz Callejero, José María,d1908-91726710aSelections.f198310aCalatayud, ciudad de las torres :bPoemas /cJosé María Munoz Callejero. aZaragoza :bInstitución "Fernando el Católico",c[1983?]. a86 p. ;c25 cm.1 aSan Jorgevno. 33 4aPoesía española9631 4aLiteratura españolaySIGLO XX93326 001050718MOaGRbGRcHDd2009-08-26iLF1l0o861.6 M971cp6138-10r2020-06-25w2020-06-25y1ZNo se presta 001150718MOaGRbGRcMId2017-05-29iLF1l0o861.6 M971cp6138-20r2020-06-25te. 2w2020-06-25y1ZNo se presta c5934d5934